[Event "Srem-ch LKS Piast"]
[Site "Srem"]
[Date "2009.03.20"]
[Round "4.1"]
[White "Glinkowski, Waldemar"]
[Black "Wojtkowski, Pawel"]
[Result "0-1"]
[WhiteElo "1506"]
[BlackElo "2115"]
[PlyCount "32"]
[EventDate "2009.02.27"]
[EventType "tourn"]
[EventRounds "9"]
[EventCountry "POL"]
[SourceTitle "EXT 2023"]
[Source "ChessBase"]
[SourceDate "2022.10.05"]
[SourceVersion "1"]
[SourceVersionDate "2022.10.05"]
[SourceQuality "1"]

1. e4 c6 2. d4 d5 3. e5 Bf5 4. Bd3 Bxd3 5. Qxd3 e6 6. Nf3 c5 7. Qb5+ Qd7 8. Qxd7+ Nxd7 9. c3 Ne7 10. Be3 Nf5 11. Bd2 h5 12. a3 Be7 13. h4 Rc8 14. Bg5 cxd4 15. cxd4 Bxg5 16. hxg5 Rc1+ 0-1

[Event "Srem-ch LKS Piast"]
[Site "Srem"]
[Date "2009.03.13"]
[Round "3.1"]
[White "Simon, Marek"]
[Black "Glinkowski, Waldemar"]
[Result "1-0"]
[WhiteElo "1641"]
[BlackElo "1506"]
[PlyCount "100"]
[EventDate "2009.02.27"]
[EventType "tourn"]
[EventRounds "9"]
[EventCountry "POL"]
[SourceTitle "EXT 2023"]
[Source "ChessBase"]
[SourceDate "2022.10.05"]
[SourceVersion "1"]
[SourceVersionDate "2022.10.05"]
[SourceQuality "1"]

1. e4 c5 2. c3 e5 3. d4 cxd4 4. cxd4 d6 5. Bc4 Nf6 6. dxe5 Qa5+ 7. Qd2 Qxe5 8. f3 Nc6 9. Ne2 d5 10. Bxd5 Nxd5 11. Qxd5 Qxd5 12. exd5 Nb4 13. Na3 Nxd5 14. Nc2 Bf5 15. Ncd4 Bd3 16. Nc3 Nxc3 17. bxc3 Bc5 18. Be3 0-0 19. Nf5 Rfe8 20. Kf2 Bxe3+ 21. Nxe3 Rac8 22. Rhc1 a6 23. c4 Re6 24. Rc3 Bg6 25. Rac1 f6 26. c5 Bf7 27. Nf5 Rce8 28. Nd6 R8e7 29. R1c2 Bg6 30. Rb2 Bf7 31. Nxb7 Rc6 32. Nd6 h6 33. Rb8+ Kh7 34. Nxf7 Rxf7 35. Rb6 Rfc7 36. Rxc6 Rxc6 37. Ke3 Kg6 38. Kd4 Kf7 39. Kd5 Rc8 40. c6 Ke7 41. Kc5 Rb8 42. c7 Ra8 43. Kb6 Kd7 44. Kb7 Re8 45. Rd3+ Ke6 46. Re3+ Kf7 47. Rxe8 Kxe8 48. c8Q+ Kf7 49. Qf5 Kg8 50. Kc7 Kf7 1-0